The shifting scales of justice : (Record no. 82826)

MARC details
000 -LEADER
fixed length control field 00692nam a22002057a 4500
005 - DATE AND TIME OF LATEST TRANSACTION
control field 20140425143424.0
010 ## - LCCN (DPL NO)
LC control number ENG-109496
020 ## - INTERNATIONAL STANDARD BOOK NUMBER
Terms of availability 650.00
International Standard Book Number 9788125054320
035 ## - SYSTEM CONTROL NUMBER
System control number EN-93029
037 ## - SOURCE OF ACQUISITION
Source of stock number/acquisition DBAD/PUB
082 ## - DEWEY DECIMAL CLASSIFICATION NUMBER
Classification number 347.5412
245 00 - TITLE STATEMENT
Title The shifting scales of justice :
Statement of responsibility, etc edited by Mayur Suresh [and] Siddharth Narrain
Remainder of title the Supreme Court in neo-liberal India /
260 ## - PUBLICATION, DISTRIBUTION, ETC. (IMPRINT)
Place of publication, distribution, etc New Delhi
Name of publisher, distributor, etc Orient Blakswan
Date of publication, distribution, etc 2014
270 ## - ADDRESS
Address 1/24 Asaf Ali Road
City New Delhi
Postal code 110002
300 ## - PHYSICAL DESCRIPTION
Extent xxvi,199p.
Dimensions 23cm(Hb)
500 ## - GENERAL NOTE
General note Includes bibliographical references and index
700 ## - ADDED ENTRY--PERSONAL NAME
Personal name Suresh, Mayur
700 ## - ADDED ENTRY--PERSONAL NAME
Personal name Narrain, Siddharth
942 ## - ADDED ENTRY ELEMENTS (KOHA)
Source of classification or shelving scheme Dewey Decimal Classification
Item type English Books
Call number suffix SHI
Classification part 347.5412
Holdings
Withdrawn status Lost status Not for loan Collection code Home library Current library Date acquired Source of acquisition Cost, normal purchase price Full call number Barcode Copy number Cost, replacement price Koha item type
    Not For Loan Non-fiction D.B.Act.Division D.B.Act.Division 28/02/2014 DBAD/PUB 650.00 347.5412 SHI EN-93029 1 650.00 English Books

© Delhi Public Library
Hit Counter
free hit counter